| 000 | 00439nam a2200181Ia 4500 | ||
|---|---|---|---|
| 001 | 10331 | ||
| 005 | 20260306161824.0 | ||
| 008 | 260306t1966||||xx |||||||||||||| ||spa|| | ||
| 041 | _aESP | ||
| 082 |
_a920.02 _bCH557A |
||
| 100 |
_aChirinos Soto, Enrique _eAUT |
||
| 245 | 0 |
_aVidas paralelas: _bVivanco y Pierola |
|
| 260 | _c1966 | ||
| 300 |
_a119 páginas : _c19 cm. |
||
| 650 | _aGEN | ||
| 654 | _aCHU | ||
| 942 |
_cLIB _dJUS _fJUS _2ddc _n |
||
| 999 |
_c10331 _d10331 |
||